Improvements in the global reference atmospheric model and comparisons with a global 3-D numerical model : semi-annual status report /

Bibliographic Details
Main Author: Justus, C. G. (Carl Gerald), 1939-
Corporate Authors: George C. Marshall Space Flight Center, Georgia Institute of Technology
Other Authors: Alyea, F. N., Cunnold, D. M. (Derek Martin), 1940-, Chimonas, George
Format: Government Document eBook
Language:English
Published: [Huntsville, Ala.] : National Aeronautics and Space Administration, Marshall Space Flight Center, [1989]
Series:NASA contractor report ; 184947.
Subjects:
Online Access:https://purl.fdlp.gov/GPO/gpo31211

MARC

Tag First Indicator Second Indicator Subfields
LEADER 00000cam a2200000Ia 4500
001 in00002783030
005 20211120170440.0
006 m o d f
007 cr bn|||||||||
008 121126s1989 alua obt f000 0 eng d
035 |a (OCoLC)ocn819332728 
040 |a GPO  |c GPO  |d GPO  |d MvI  |d UtOrBLW 
049 |a WWW 
074 |a 0830-H-14 (online) 
086 0 |a NAS 1.26:184947 
100 1 |a Justus, C. G.  |q (Carl Gerald),  |d 1939- 
245 1 0 |a Improvements in the global reference atmospheric model and comparisons with a global 3-D numerical model :  |b semi-annual status report /  |c C.G. Justus, principal investigator ; F.N. Alyea, D.M. Cunnold and George Chimonas, co-investigators. 
264 1 |a [Huntsville, Ala.] :  |b National Aeronautics and Space Administration, Marshall Space Flight Center,  |c [1989] 
300 |a 1 online resource (10 pages, 8 unnumbered pages) :  |b illustrations 
336 |a text  |b txt  |2 rdacontent 
337 |a computer  |b c  |2 rdamedia 
338 |a online resource  |b cr  |2 rdacarrier 
490 1 |a NASA contractor report ;  |v NASA-CR-184947 
500 |a Title from title screen (viewed on Nov. 26, 2012). 
500 |a "April, 1989." 
504 |a Includes bibliographical references (pages 7-10). 
513 |a Semi-annual status report;  |b September 23, 1988-March 22, 1989. 
536 |a Prepared for the National Aeronautics and Space Administration, Marshall Space Flight Center under grant no.  |c NAG8-078  |d Georgia Tech Project G-35-685 
500 |a Electronic resource. 
650 7 |a Atmospheric models.  |2 nasat 
650 7 |a Data processing.  |2 nasat 
650 7 |a Mars atmosphere.  |2 nasat 
650 7 |a Parameterization.  |2 nasat 
650 7 |a Perturbation.  |2 nasat 
700 1 |a Alyea, F. N. 
700 1 |a Cunnold, D. M.  |q (Derek Martin),  |d 1940- 
700 1 |a Chimonas, George. 
710 2 |a George C. Marshall Space Flight Center. 
710 2 |a Georgia Institute of Technology. 
776 0 8 |i Print version:  |a Justus, C. G. (Carl Gerald), 1939-  |t Improvements in the global reference atmospheric model and comparisons with a global 3-D numerical model.  |w (OCoLC)819333664 
776 0 8 |i Microfiche:  |a Justus, C. G. (Carl Gerald), 1939-  |t Improvements in the global reference atmospheric model and comparisons with a global 3-D numerical model.  |w (OCoLC)21652209 
830 0 |a NASA contractor report ;  |v 184947. 
856 4 0 |u https://purl.fdlp.gov/GPO/gpo31211  |t 0 
999 |a MARS 
999 f f |s 707e3b8e-b395-39a5-8bef-48cf1e42726d  |i 700c37f7-5ce6-3148-afbd-e016383e3aef  |t 0 
952 f f |a Texas A&M University  |b College Station  |c Electronic Resources  |d Available Online  |t 0  |e NAS 1.26:184947  |h Superintendent of Documents classification 
998 f f |a NAS 1.26:184947  |t 0  |l Available Online